[Event "Torino SST Junior-Senior (azzurro)"]
[Site "Torino"]
[Date "2011.10.20"]
[Round "1"]
[White "Cortese, Alessandro"]
[Black "Pepino, Enrico"]
[Result "1/2-1/2"]
[WhiteElo "2003"]
[BlackElo "2168"]
[PlyCount "80"]
[EventDate "2011.10.20"]
[EventType "schev"]
[EventRounds "8"]
[EventCountry "ITA"]
[SourceTitle "EXT 2018"]
[Source "ChessBase"]
[SourceDate "2017.10.13"]
[SourceVersion "1"]
[SourceVersionDate "2017.10.13"]
[SourceQuality "1"]

1. d4 d5 2. c4 c6 3. Nf3 Nf6 4. Nc3 e6 5. Bg5 Be7 6. e3 Nbd7 7. Be2 0-0 8. 0-0 b6 9. Rc1 Bb7 10. Qc2 dxc4 11. Bxc4 c5 12. Be2 Rc8 13. dxc5 Rxc5 14. b4 Rxc3 15. Qxc3 Nd5 16. Qa3 Bxg5 17. Qxa7 Ba8 18. Rfd1 Bh6 19. Rc4 f5 20. Nd4 Qe8 21. Nc6 Bxc6 22. Rxc6 Ne5 23. Rxb6 f4 24. exf4 Nxf4 25. Bf1 Qh5 26. Rb8 Qxd1 27. Rxf8+ Kxf8 28. Qb8+ Kf7 29. Qxe5 Nd5 30. b5 Bf4 31. Qe4 Bxh2+ 32. Kxh2 Qxf1 33. Qf3+ Ke7 34. Qa3+ Kf7 35. Qf3+ Nf6 36. b6 Qb5 37. b7 Qe5+ 38. g3 Ke7 39. Qa3+ Kd7 40. Qa7 Qh5+ 1/2-1/2